[Event "BCF-chT4S 1819 (4NCL)"]
[Site "England"]
[Date "2018.11.18"]
[Round "2.205"]
[White "Willis, Graham"]
[Black "Wolstenholme, Otis"]
[Result "1/2-1/2"]
[WhiteElo "1727"]
[BlackElo "1697"]
[PlyCount "65"]
[EventDate "2018.11.17"]
[EventType "team-swiss"]
[EventRounds "11"]
[EventCountry "ENG"]
[SourceTitle "EXT 2021"]
[Source "ChessBase"]
[SourceDate "2020.10.23"]
[SourceVersion "1"]
[SourceVersionDate "2020.10.23"]
[SourceQuality "1"]
[WhiteTeam "Oxford IV"]
[BlackTeam "Barnet Knights II"]
[WhiteTeamCountry "ENG"]
[BlackTeamCountry "ENG"]

1. Nc3 d5 2. e4 e6 3. Nf3 dxe4 4. Nxe4 Nd7 5. d4 Ngf6 6. Bd3 c5 7. Be3 cxd4 8. Bxd4 Nxe4 9. Bxe4 Nf6 10. Bd3 Be7 11. Qe2 Qc7 12. 0-0 h6 13. Rad1 0-0 14. c3 Rd8 15. Rfe1 b6 16. Be5 Bd6 17. Bxf6 gxf6 18. Qe4 f5 19. Qh4 Kg7 20. Nd4 Be7 21. Qh5 Bb7 22. Rxe6 Bg5 23. Nxf5+ Kf8 24. Ree1 Qc6 25. f3 Rxd3 26. Rxd3 Qc5+ 27. Ree3 Qxf5 28. f4 Ba6 29. fxg5 Bxd3 30. Qxh6+ Kg8 31. Rf3 Qe5 32. h4 Qe1+ 33. Kh2 1/2-1/2

[Event "BCF-chT4S 1617 (4NCL)"]
[Site "England"]
[Date "2017.03.19"]
[Round "8.76"]
[White "Woodcock, Keith D"]
[Black "Willis, Graham"]
[Result "1/2-1/2"]
[WhiteElo "1690"]
[BlackElo "1682"]
[PlyCount "40"]
[EventDate "2016.11.26"]
[EventType "team-swiss"]
[EventRounds "11"]
[EventCountry "ENG"]
[SourceTitle "EXT 2019"]
[Source "ChessBase"]
[SourceDate "2018.10.10"]
[SourceVersion "1"]
[SourceVersionDate "2018.10.10"]
[SourceQuality "1"]
[WhiteTeam "Anglian Avengers III"]
[BlackTeam "Oxford III"]
[WhiteTeamCountry "ENG"]
[BlackTeamCountry "ENG"]

1. d4 d6 2. Nc3 Nf6 3. e4 c6 4. f4 Qa5 5. Bd3 e5 6. fxe5 dxe5 7. dxe5 Ng4 8. Nf3 Nxe5 9. Nxe5 Qxe5 10. 0-0 Bc5+ 11. Kh1 0-0 12. Bf4 Qe7 13. Qh5 g6 14. Qh6 Bd4 15. e5 Bxe5 16. Bxe5 Qxe5 17. Rae1 Qg7 18. Qf4 Be6 19. Ne4 Nd7 20. b3 Rab8 1/2-1/2

[Event "BCF-chT4S 1617 (4NCL)"]
[Site "England"]
[Date "2017.02.12"]
[Round "6.45"]
[White "Shaw, Meyrick"]
[Black "Willis, Graham"]
[Result "1-0"]
[WhiteElo "1929"]
[BlackElo "1682"]
[PlyCount "73"]
[EventDate "2016.11.26"]
[EventType "team-swiss"]
[EventRounds "11"]
[EventCountry "ENG"]
[SourceTitle "EXT 2019"]
[Source "ChessBase"]
[SourceDate "2018.10.10"]
[SourceVersion "1"]
[SourceVersionDate "2018.10.10"]
[SourceQuality "1"]
[WhiteTeam "Brown Jack II"]
[BlackTeam "Oxford III"]
[WhiteTeamCountry "ENG"]
[BlackTeamCountry "ENG"]

1. d4 Nc6 2. Nf3 d6 3. Bf4 Nf6 4. Nc3 Bg4 5. d5 Bxf3 6. exf3 Nb8 7. Qd4 c5 8. Qe3 a6 9. g4 b5 10. 0-0-0 Kd7 11. h4 Kc8 12. g5 Ne8 13. Bh3+ Nd7 14. h5 g6 15. h6 Qc7 16. Ne4 Kb7 17. Qc3 Rg8 18. Rhe1 Nb6 19. Qd3 Na4 20. Re3 Nb6 21. Nd2 c4 22. Qd4 Qc5 23. Qxc5 dxc5 24. Ne4 Ka7 25. Re2 Rd8 26. d6 exd6 27. Nxc5 d5 28. Nd7 Bd6 29. Bxd6 Nxd6 30. Nf6 Rh8 31. Re7+ Kb8 32. Nxd5 Nbc8 33. Bxc8 Kxc8 34. Nb6+ Kb8 35. Nd7+ Kc8 36. Rxd6 Kc7 37. Rxa6 1-0